|
|
|
|
| LEADER |
01319nam a2200337 a 4500 |
| 001 |
000013611 |
| 003 |
CZ BrMZK |
| 005 |
20190404102617.0 |
| 007 |
ta |
| 008 |
940207s1993 xr f cze d |
| 015 |
|
|
|a cnb000083334
|
| 020 |
|
|
|a 80-7169-032-5
|c 50.00
|
| 040 |
|
|
|a BOA001
|b cze
|
| 080 |
|
|
|a 37.048.4
|2 MRF
|
| 100 |
1 |
|
|a Rýdl, Karel,
|d 1952-
|7 jn19990009976
|
| 245 |
1 |
0 |
|a Vybíráme školu pro svoje dítě
|
| 260 |
|
|
|a Praha :
|b Grada,
|c 1993
|
| 300 |
|
|
|a 107 s. :
|b obr.
|
| 500 |
|
|
|a Bibliogr. s. 102-103
|
| 500 |
|
|
|a Dostupné též v digitální podobě v aplikaci Kramerius
|
| 653 |
0 |
|
|a vzdělání
|
| 856 |
4 |
1 |
|u http://www.digitalniknihovna.cz/mzk/uuid/uuid:6e5a0870-5821-11e9-8854-005056827e51
|y Digitalizovaný dokument
|x NDK
|
| 910 |
|
|
|a BOA001
|b 2-0996.226
|b PK-0120.280
|b TK-0253.659
|
| 920 |
|
|
|a 000137105
|
| 962 |
|
|
|a 37.04
|
| 964 |
|
|
|a Škola - volba - vzdělání - rodiče - rady
|
| 964 |
|
|
|a Vzdělání - škola - volba - rodiče - rady
|
| 990 |
|
|
|a BK
|
| 996 |
6 |
|
|b 2610005488
|c 2-0996.226
|l MZK
|r Sklad / do 1 hodiny
|n 33
|p p.v.
|w 000013611
|u 000010
|a 1
|e BOA001
|j MZK50
|s P
|
| 996 |
7 |
|
|b 2629983277
|c TK-0253.659
|l MZK
|r Sklad / do 24 hodin
|n 12
|w 000013611
|u 000030
|a 1
|e BOA001
|j MZK50
|s A
|
| 996 |
7 |
|
|b 3119999130
|c PK-0120.280
|l MZK
|r Sklad / do 1 hodiny
|n 17
|w 000013611
|u 000020
|a 1
|e BOA001
|j MZK50
|s A
|